Statistiques concernant Nommez une maison du Trône de Fer valide

Cliquez ici pour prendre le quiz!

Statistiques générales

  • Ce quiz a été pris 95 fois
  • Le résultat moyen est 3 sur 8

Statistiques - réponses

Réponse% Correct
une maison suzeraine de sa régionStark, Greyjoy, Tully, Lannister, Tyrell, Martell, Baratheon, Arryn
97%
une maison royale à l'aube de la conquête d'AegonStark, Chenu, Arryn, Durrandon, Martell, Jardinier, Lannister
76%
une maison qui à donnée en mariage une de ses héritières à un roi TargaryenVelaryon, Arryn, Hightower, Martell, Dayne, Nerbosc
63%
une maison d'un compagnon de Ned Stark à la tour de la joieGlover, Cassel, Dustin, Reed, Wull, Ryswell
20%
une maison des marches DorniennesSwann, Caron, Selmy, Dondarrion, Tarly, Peake
11%
une maison sauvageonneBarberouge, Thenn
6%
une maison de l'île de Grand-WykBonfrère, Merlyn, Vendeloyn, Sparr
4%
une maison des îles BouclierChester, Grimm, Houëtt, Serry
4%

Distribution des résultats

Percentile par nombre de réponses

% des personnes avec chaque résultat

Votre développement - résultats

Vous n’avez pas pris ce quiz